Central Library OPAC University of Rajshahi
Normal view MARC view

Entry Topical Term

Number of records used in: 2

001 - CONTROL NUMBER

  • control field: 5528

003 - CONTROL NUMBER IDENTIFIER

  • control field: BD-RjUL

005 - DATE AND TIME OF LATEST TRANSACTION

  • control field: 20221027104755.0

008 - FIXED-LENGTH DATA ELEMENTS

  • fixed length control field: 221027|| aca||aabn | a|a d

040 ## - CATALOGING SOURCE

  • Original cataloging agency: BD-RjUL
  • Transcribing agency: BD-RjUL

150 ## - HEADING--TOPICAL TERM

  • Topical term or geographic name entry element: Muslims
  • Form subdivision: Social life and customs
  • Geographic subdivision: Delhi

670 ## - SOURCE DATA FOUND

  • Source citation: Work cat.: (BD-RjUL)80640: دهلوي, سيد احمد # # Dehlawi, Syed Ahmed 1846-1918 5526, رسوم دهلى # # / Rusūm-i Dihlī /, 1962